000 00299nam a22001337a 4500
008 170715b xxu||||| |||| 00| 0 eng d
020 _a9780415045841
041 _aeng
080 _a572
100 _a24
101 _aANT
245 _aANTHROPOLOGY AND ANTHROPOLOGISTS
_cKUPER,A
942 _2udc
_cBK
999 _c21098
_d21098